1197 1204 1941 1208 1062 1019 1841 1719 1816 1259 1903 1299 1188 1880 1880 1803 1312 1228 1728 1854 1220 1533 1617 1685 1302 1243 1438 1822 1325 1374 1883 1281 1184 1448 1946 1702 1176 1228 1486 1224 1858 1993 1009 1923 1516 1538 1475 1594 1328 1572 1344 1441 1508 1313 1583 1782 1005 1736 1589 1349 1957 1503 1707 1090 1138 1309 1936 1003 1420 1438 1855 1443 1995 1875 1839 1688 1111 1226 1287 1854 1979 1910 1914 1359 1230 1336 1018 1945 1960 1597 1043 1592 1475 1974 1134 1189 1991 1028 1011 BCNSPRNW ULIB Ver.6.0+V

เปลี่ยนเป็นภาษาไทย

Change to English
 แสดงรายละเอียดบรรณานุกรม
  กลับหน้าหลัก

Brief Record : Get Marc (ISO 2709) : E-mail record : QR code < ปิดหน้าต่าง
LEADER : 00000nam 2200000uu 4500
001    13399122910
003     ULIB
008    131029s2012||||th 000 0 eng d
020    ^a9780763773847
060 04 ^aWY152.3^bP167
245 00 ^aPalliative care nursing :^bcaring for suffering patients /^cKathleen Ouimet Perrin ... [et al.]
260    ^aSudbury, MA :^bJones & Bartlett Learning,^c2012.
300    ^axiv, 356 p. :^bill. ;^c23 cm.
504    ^aIncludes bibliographical references and index.
650  0 ^aPalliative treatment.
650  0 ^aNursing.
650  0 ^aSuffering.
650  2 ^aNursing Care^xmethods.
650  2 ^aPalliative Care^xethics.
650  2 ^aPain^xnursing.
650  2 ^aTerminal Care^xmethods.
700 1  ^aPerrin, Kathleen Ouimet.
945    ^p59^l0^i034128
999    ^aเกษร โพธิ์สุวรรณ
รายการนี้ยังไม่มีแท็ก
คุณยังไม่ได้ล็อกอิน คุณสามารถมีกิจกรรมร่วมกับเว็บไซต์ได้ แต่ต้องล็อกอินก่อน ::
  ล็อกอิน

รายการสื่อสารสนเทศ

ลำดับที่ ประเภท เลขเรียก/บาร์โค้ด สถานที่ สถานะ
1. Book การพยาบาล
Book การพยาบาล
WY152.3 P167  
  Barcode: 034128
ห้องสมุดวิทยาเขตสวรรค์ประชารักษ์
►หนังสือทั่วไป
บนชั้น

รายการใกล้เคียง
    หัวเรื่อง [Nursing.]

BibComment


ยังไม่เคยถูกคอมเมนท์

คอมเมนท์ทรัพยากรรายการนี้
  คอมเมนท์: Palliative care ..


 Copyright 2026. Bcnsprnw @Library